| 000 | 00525nma a22001937a 4500 | ||
|---|---|---|---|
| 005 | 20210325190613.0 | ||
| 006 | g q || | ||
| 008 | eng d | ||
| 041 | _aeng | ||
| 090 | _aOCD85 | ||
| 245 | 1 | 0 | _aSmart talk 3 : everyday life [CD-ROM] |
| 260 | 3 |
_aBangkok : _bNST Electronic |
|
| 300 | _a1 discColourSound | ||
| 650 | 0 | 4 | _aEnglish language -- Conversation phrase books (for everyday life) |
| 850 | _aNALT | ||
| 942 | _cCD | ||
| 997 |
_c000000000025929 _kVC |
||
| 998 | _aSANGAROON | ||
| 999 |
_c25929 _d25929 |
||